01733nam a2200265Ia 4500001000200000003000900002005001700011008003200028020001800060040002300078082002900101100004500130245010800175260007500283300001600358500007200374505076800446534003501214600007501249650002501324650002701349700004501376852000601421856004001427 DO-SdBNP20220425102208.0140604s2007 dr 000 spa d a9789945427202 aBPMSU bspacBPMSU aRD864.44bH519h 20072221 aHenríquez Ureña, Camila,d1894-1973.10aHija de Camila =b Camila 's Line / cCamila Henríquez Ureña ;compiladora Daisy Cocco de Filippis ; aSanto Domingo :bEditora Nacional :bSecretaría de Estado de Cultura a291 págs. 3incluye datos biográficos del autora en la solapa de la cubierta 0 aAgradecimiento -- Acknowledgements -- Prólogo. Salomé Camila Henríquez Ureña 1984-1973: vida y obra -- Prologue. Camila Henríquez Ureña 1894-1973: Her life and work -- Feminismo -- La mujer y la cultura -- Woman and culture -- La carta como forma de expresión literaria femenina -- Cartas de amor divino: Santa Teresa de Jesús -- Cartas de amor mundano: Mariana Alcoforado -- La carta de polémica: Sor Juana Inés de la Cruz -- La carta como crónica: Madame de Sevigné -- The letter as an expression of feminine literary form -- Letters of divine love: Santa Teresa de Jesús -- Letter of Worldly love: Mariana Alcoforado -- The letter as the art of disputation: Sor Juana Inés de la Cruz -- The letter as Chronicle: Madame de Sevigné. aTexto en español e inglés 14aHenríquez Ureña, Camila, d1894-1973vEnsayos, conferencias, etc  4aEnsayos dominicanos  4a Literatura dominicana1 aCocco De Filippis, Daisy, ecompiladora. t1 3Archivo Digital Biblioteca Nacional